Space satellites
| Main Author: | |
|---|---|
| Format: | Book |
| Published: |
New York :
Franklin Watts ,
1987
|
| Series: | Space library series
|
| Subjects: |
MARC
| LEADER | 00000cam a2200000 7i4500 | ||
|---|---|---|---|
| 001 | 0000004206 | ||
| 002 | 000004523 | ||
| 005 | 20060120.0 | ||
| 020 | |a 0863134793 | ||
| 090 | 0 | 0 | |a 523.111 |b SPA |
| 100 | 1 | |a Vogt, Gregory | |
| 245 | 1 | 0 | |a Space satellites |c Gregory Vogt |
| 260 | |a New York : |b Franklin Watts , |c 1987 | ||
| 300 | |a 32p. : |b ill ; |c 26cm. | ||
| 490 | 0 | |a Space library series | |
| 650 | 0 | 0 | |a Space satellites |x Juvenile literature |
| 999 | |a 037339 |b BUKU |c JUNIOR BOOKS |e PERPUSTAKAAN KOMUNITI CAW KOTA DAMANSARA | ||